[Event "PER-ch"]
[Site "Lima"]
[Date "2017.03.03"]
[Round "6"]
[White "Izquierdo, Elias Alberto"]
[Black "Escalante Ramirez, Brian Sebastian"]
[Result "0-1"]
[WhiteElo "2108"]
[BlackElo "2313"]
[PlyCount "64"]
[EventDate "2017.03.01"]
[EventType "swiss"]
[EventRounds "9"]
[EventCountry "PER"]
[SourceTitle "CBM 177 Extra"]
[Source "ChessBase"]
[SourceDate "2017.04.27"]
[SourceVersion "1"]
[SourceVersionDate "2017.04.27"]
[SourceQuality "1"]

1. d4 f5 2. Nf3 g6 3. g3 Nf6 4. Bg2 Bg7 5. 0-0 0-0 6. c4 d6 7. b3 h6 8. Bb2 g5 9. d5 c5 10. Nc3 Qe8 11. Qc2 Qh5 12. e4 Nxe4 13. Nxe4 Bxb2 14. Qxb2 fxe4 15. Nd2 Nd7 16. Nxe4 g4 17. Nd2 Ne5 18. Qc3 Bf5 19. f4 gxf3 20. Nxf3 Ng6 21. Rae1 a5 22. Re3 Rf7 23. Nh4 Nxh4 24. gxh4 b6 25. Rg3+ Kh7 26. Qe3 Raf8 27. Rgf3 Kh8 28. Rf4 Rg7 29. Kh1 Rf6 30. Be4 Bxe4+ 31. Qxe4 Qxh4 32. Qe3 Qg5 0-1

[Event "Piura op 10th"]
[Site "Piura"]
[Date "2016.10.15"]
[Round "5"]
[White "Robledo, Manuel"]
[Black "Izquierdo, Elias Alberto"]
[Result "0-1"]
[WhiteElo "2219"]
[BlackElo "1927"]
[PlyCount "84"]
[EventDate "2016.10.14"]
[EventType "swiss"]
[EventRounds "7"]
[EventCountry "PER"]
[SourceTitle "EXT 2018"]
[Source "ChessBase"]
[SourceDate "2017.10.13"]
[SourceVersion "1"]
[SourceVersionDate "2017.10.13"]
[SourceQuality "1"]

1. d4 Nf6 2. c4 b6 3. Nf3 Bb7 4. g3 e6 5. Bg2 Be7 6. 0-0 0-0 7. Nc3 Ne4 8. Qc2 Nxc3 9. Qxc3 Na6 10. Rd1 c5 11. d5 exd5 12. cxd5 Bf6 13. Qd2 Re8 14. Ne1 c4 15. e3 Rc8 16. Rb1 Nc5 17. Qc2 b5 18. Bd2 a5 19. Bc3 Ba6 20. Bd4 Bxd4 21. Rxd4 b4 22. Bf1 b3 23. axb3 cxb3 24. Qd1 Bxf1 25. Kxf1 Qf6 26. Rf4 Qg6 27. Rg4 Qf5 28. Qd4 f6 29. Rd1 g5 30. Qf4 Qg6 31. Qf3 Ne4 32. Rxe4 Rxe4 33. Qe2 Rec4 34. Qd2 Qf5 35. Qxa5 Rc1 36. Rxc1 Rxc1 37. Qd2 Qb1 38. d6 Kg7 39. h4 h6 40. h5 Rd1 41. Qc3 Qc2 42. Qb4 Qd2 0-1

[Event "PER-ch U20"]
[Site "Lima"]
[Date "2016.04.22"]
[Round "6"]
[White "Puppi Lazo, Jorge Luis"]
[Black "Izquierdo, Elias Alberto"]
[Result "1-0"]
[WhiteElo "2129"]
[BlackElo "1901"]
[PlyCount "93"]
[EventDate "2016.04.20"]
[EventType "swiss"]
[EventRounds "9"]
[EventCountry "PER"]
[SourceTitle "CBM 172 Extra"]
[Source "ChessBase"]
[SourceDate "2016.06.21"]
[SourceVersion "1"]
[SourceVersionDate "2016.06.21"]
[SourceQuality "1"]

1. e4 d5 2. exd5 Nf6 3. d4 Nxd5 4. c4 Nb6 5. Nf3 Bf5 6. a3 e6 7. Nc3 Be7 8. Be2 0-0 9. 0-0 Nc6 10. Be3 Bf6 11. Rc1 Qe7 12. b4 Rfd8 13. Re1 Rd7 14. c5 Nd5 15. Nxd5 Rxd5 16. b5 Nxd4 17. Bxd4 Bxd4 18. Nxd4 Qf6 19. Rc4 Rad8 20. Qa4 Rxd4 21. Rxd4 Qxd4 22. Rd1 Qf6 23. Rxd8+ Qxd8 24. Qxa7 Be4 25. Qa4 Bd5 26. h3 g6 27. Bc4 Bxc4 28. Qxc4 Qd2 29. g3 Qd1+ 30. Kg2 Qd2 31. Qe4 b6 32. Qc6 bxc5 33. Qxc5 Qa5 34. Qc6 Qa4 35. h4 h5 36. Qc5 Qa5 37. Kf3 Qd2 38. Kg2 Qa5 39. Qc4 Kf8 40. a4 Kg8 41. Kf3 Qd2 42. Qxc7 Qd5+ 43. Ke3 Qb3+ 44. Kd4 Qb4+ 45. Qc4 Qd6+ 46. Kc3 Kh7 47. Kb3 1-0

[Event "PER-ch U18"]
[Site "Lima"]
[Date "2016.02.03"]
[Round "2.2"]
[White "Escalante Ramirez, Brian Sebastian"]
[Black "Izquierdo, Elias Alberto"]
[Result "1-0"]
[WhiteElo "2332"]
[BlackElo "1844"]
[PlyCount "45"]
[EventDate "2016.02.02"]
[EventType "swiss"]
[EventRounds "9"]
[EventCountry "PER"]
[SourceTitle "EXT 2024"]
[Source "ChessBase"]
[SourceDate "2023.10.10"]
[SourceVersion "1"]
[SourceVersionDate "2023.10.10"]
[SourceQuality "1"]

1. e4 c6 2. d4 d5 3. f3 dxe4 4. fxe4 e5 5. Nf3 exd4 6. Bc4 Qa5+ 7. Nbd2 Qc5 8. 0-0 Nf6 9. b4 Qh5 10. Bb2 Bxb4 11. Bxd4 Bc5 12. e5 Bxd4+ 13. Nxd4 Qxd1 14. Raxd1 Ng4 15. Bxf7+ Ke7 16. Bb3 Nh6 17. e6 g6 18. g4 Nxg4 19. Rf7+ Kd6 20. Ne4+ Ke5 21. Nf3+ Kxe4 22. Re1+ Ne3 23. Kf2 1-0